[Event "7th Iberoamerican-ch 2019"]
[Site "Linares"]
[Date "2019.08.18"]
[Round "9.10"]
[White "Damaso, Rui"]
[Black "Fier, Alexandr"]
[Result "0-1"]
[WhiteElo "2417"]
[BlackElo "2558"]
[Annotator "ChessBase"]
[PlyCount "184"]
[EventDate "2019.08.10"]
[EventType "swiss"]
[EventCountry "ESP"]
[SourceTitle "playchess.com"]
[Source "ChessBase"]
[SourceQuality "1"]
[TimeControl "5400+30"]

1. e4 {[%emt 0:13:51]} Nf6 {[%emt 0:00:00]} 2. e5 {[%emt 0:00:22]} Nd5 {[%emt 0:00:00]} 3. d4 {[%emt 0:00:57]} d6 {[%emt 0:00:00]} 4. Nf3 {[%emt 0:02:37]} g6 {[%emt 0:00:00]} 5. Bc4 {[%emt 0:00:30]} Nb6 {[%emt 0:00:05]} 6. Bb3 {[%emt 0:00:08]} Bg7 {[%emt 0:00:03]} 7. Ng5 {[%emt 0:01:17]} e6 {[%emt 0:00:05]} 8. Qf3 {[%emt 0:00:44]} Qe7 {[%emt 0:00:04]} 9. Ne4 {[%emt 0:05:59]} dxe5 {[%emt 0:00:03]} 10. Bg5 {[%emt 0:00:16]} Qb4+ {[%emt 0:00:04]} 11. Bd2 {[%emt 0:09:37]} Qe7 {[%emt 0:04:17]} 12. Bg5 {[%emt 0:02:59]} Qb4+ {[%emt 0:00:03]} 13. Bd2 {[%emt 0:00:11]} Qxd4 {[%emt 0:04:52]} 14. Nf6+ {[%emt 0:07:07]} Bxf6 {[%emt 0:01:23]} 15. Qxf6 {[%emt 0:00:06]} Rg8 {[%emt 0:00:19]} 16. Nc3 {[%emt 0:04:55]} N6d7 {[%emt 0:05:24]} 17. Qf3 {[%emt 0:07:29]} Nc6 {[%emt 0:06:51]} 18. O-O-O {[%emt 0:01:38]} Qh4 {[%emt 0:00:29]} 19. Nb5 {[%emt 0:08:02]} Qd8 {[%emt 0:05:19]} 20. Qh3 {[%emt 0:04:12]} a6 {[%emt 0:03:59]} 21. Qxh7 {[%emt 0:01:12]} Rf8 {[%emt 0:01:05]} 22. Nc3 {[%emt 0:03:16]} Qf6 {[%emt 0:00:06]} 23. Qh3 {[%emt 0:02:59]} Nc5 {[%emt 0:02:20]} 24. Rhe1 {[%emt 0:06:29]} Bd7 {[%emt 0:00:28]} 25. Qg3 {[%emt 0:01:15]} Qf5 {[%emt 0:03:24]} 26. f3 {[%emt 0:04:55]} O-O-O {[%emt 0:01:07]} 27. Ne4 {[%emt 0:00:57]} Nxe4 {[%emt 0:00:23]} 28. Rxe4 {[%emt 0:00:15]} f6 {[%emt 0:03:36]} 29. c3 Rh8 {[%emt 0:00:25]} 30. Rg4 {[%emt 0:02:08]} Rdg8 {[%emt 0:01:22]} 31. Be3 {[%emt 0:02:28]} Qh5 {[%emt 0:00:21]} 32. Bg1 {[%emt 0:00:36]} g5 {[%emt 0:09:02]} 33. Qf2 {[%emt 0:01:39]} Qe8 {[%emt 0:00:12]} 34. Rc4 {[%emt 0:00:53]} b6 {[%emt 0:02:30]} 35. Bc2 {[%emt 0:02:03]} f5 {[%emt 0:01:04]} 36. b4 {[%emt 0:00:25]} Rh4 {[%emt 0:07:00]} 37. Bd3 {[%emt 0:00:04]} Rxc4 {[%emt 0:00:15]} 38. Bxc4 {[%emt 0:00:02]} Nb8 {[%emt 0:01:04]} 39. Qe3 {[%emt 0:00:45]} Bb5 {[%emt 0:00:45]} 40. Bb3 {[%emt 0:00:09]} Ba4 {[%emt 0:01:24]} 41. Qxe5 {[%emt 0:00:17]} Bxb3 {[%emt 0:00:03]} 42. axb3 {[%emt 0:00:09]} Qc6 {[%emt 0:00:04]} 43. Re1 {[%emt 0:00:45]} Nd7 {[%emt 0:00:17]} 44. Qe3 {[%emt 0:00:13]} g4 {[%emt 0:00:14]} 45. fxg4 {[%emt 0:01:54]} Rxg4 {[%emt 0:00:05]} 46. Qf3 {[%emt 0:00:10]} Qxf3 {[%emt 0:04:05]} 47. gxf3 {[%emt 0:00:04]} Rg6 {[%emt 0:00:03]} 48. Be3 {[%emt 0:00:19]} Ne5 {[%emt 0:00:24]} 49. Rf1 {[%emt 0:00:32]} Rg2 {[%emt 0:00:05]} 50. h4 {[%emt 0:02:05]} Rh2 {[%emt 0:00:01]} 51. Bg5 {[%emt 0:00:15]} c5 {[%emt 0:07:25]} 52. bxc5 {[%emt 0:00:14]} bxc5 {[%emt 0:00:05]} 53. Kb1 {[%emt 0:00:26]} Ng6 {[%emt 0:00:57]} 54. Re1 {[%emt 0:01:28]} Kd7 {[%emt 0:00:04]} 55. Rd1+ {[%emt 0:00:23]} Kc6 {[%emt 0:00:04]} 56. Re1 {[%emt 0:00:57]} e5 {[%emt 0:00:08]} 57. c4 {[%emt 0:00:06]} Rh3 {[%emt 0:00:55]} 58. Ka2 {[%emt 0:01:00]} Kd6 {[%emt 0:00:19]} 59. Bf6 {[%emt 0:01:05]} f4 {[%emt 0:01:14]} 60. Bg7 {[%emt 0:00:59]} Rxh4 {[%emt 0:00:17]} 61. Rg1 {[%emt 0:00:05]} Rh2+ {[%emt 0:01:09]} 62. Ka3 {[%emt 0:00:23]} Nh4 {[%emt 0:00:05]} 63. Bf8+ {[%emt 0:00:13]} Kc6 {[%emt 0:01:00]} 64. Rd1 {[%emt 0:00:37]} Nxf3 {[%emt 0:00:09]} 65. Rd6+ {[%emt 0:00:06]} Kb7 {[%emt 0:00:19]} 66. Re6 {[%emt 0:00:34]} Nd4 {[%emt 0:08:12]} 67. Rxe5 {[%emt 0:01:23]} f3 {[%emt 0:00:03]} 68. Re7+ {[%emt 0:00:09]} Kc6 {[%emt 0:01:48]} 69. Rf7 {[%emt 0:00:07]} Re2 {[%emt 0:00:05]} 70. Rf6+ {[%emt 0:00:52]} Re6 {[%emt 0:00:14]} 71. Rf4 {[%emt 0:00:04]} Nc2+ {[%emt 0:02:40]} 72. Ka4 {[%emt 0:00:28]} Re1 {[%emt 0:00:31]} 73. Bg7 {[%emt 0:00:04]} Re3 {[%emt 0:01:13]} 74. Rf6+ {[%emt 0:00:41]} Kd7 {[%emt 0:00:13]} 75. Rf5 {[%emt 0:00:09]} Ke6 {[%emt 0:01:34]} 76. Rf6+ {[%emt 0:00:20]} Ke7 {[%emt 0:00:40]} 77. Rf4 {[%emt 0:00:16]} Kd7 {[%emt 0:02:13]} 78. Bf8 {[%emt 0:00:59]} Re1 {[%emt 0:01:45]} 79. Ka5 {[%emt 0:00:10]} Nd4 {[%emt 0:00:17]} 80. Kxa6 {[%emt 0:01:56]} Kc6 {[%emt 0:02:25]} 81. Rf6+ {[%emt 0:00:36]} Re6 {[%emt 0:00:32]} 82. Rf7 {[%emt 0:00:26]} Re2 {[%emt 0:00:07]} 83. Ka7 {[%emt 0:00:43]} f2 {[%emt 0:00:21]} 84. Rf6+ {[%emt 0:00:38]} Ne6 {[%emt 0:00:05]} 85. b4 {[%emt 0:00:19]} cxb4 {[%emt 0:00:58]} 86. Bxb4 {[%emt 0:00:05]} Kd7 {[%emt 0:00:13]} 87. Kb6 {[%emt 0:00:26]} Rb2 {[%emt 0:00:17]} 88. Ka5 {[%emt 0:00:23]} Ng5 {[%emt 0:00:30]} 89. Bc5 {[%emt 0:01:53]} Ne4 {[%emt 0:00:04]} 90. Rf7+ {[%emt 0:00:34]} Ke6 {[%emt 0:00:06]} 91. Re7+ {[%emt 0:00:05]} Kf6 {[%emt 0:00:03]} 92. Rxe4 {[%emt 0:00:06]} Ra2+ {[%emt 0:00:02]} 0-1

[Event "7th Iberoamerican-ch 2019"]
[Site "Linares"]
[Date "2019.08.18"]
[Round "9.11"]
[White "Martinez Duany, Lelys Stanley"]
[Black "Fluvia Poyatos, Jordi"]
[Result "1/2-1/2"]
[WhiteElo "2526"]
[BlackElo "2455"]
[Annotator "ChessBase"]
[PlyCount "66"]
[EventDate "2019.08.10"]
[EventType "swiss"]
[EventCountry "ESP"]
[SourceTitle "playchess.com"]
[Source "ChessBase"]
[SourceQuality "1"]
[TimeControl "5400+30"]

1. e4 {[%emt 0:00:00]} c6 {[%emt 0:00:10]} 2. d4 {[%emt 0:00:00]} d5 {[%emt 0:00:12]} 3. exd5 {[%emt 0:01:49]} cxd5 {[%emt 0:00:11]} 4. c4 {[%emt 0:00:09]} Nf6 {[%emt 0:02:03]} 5. Nc3 {[%emt 0:00:05]} g6 {[%emt 0:01:09]} 6. cxd5 {[%emt 0:00:52]} Bg7 {[%emt 0:01:38]} 7. Bb5+ {[%emt 0:01:38]} Nbd7 {[%emt 0:01:07]} 8. d6 {[%emt 0:00:36]} exd6 {[%emt 0:03:08]} 9. Qe2+ {[%emt 0:00:08]} Qe7 {[%emt 0:02:08]} 10. Bf4 {[%emt 0:00:29]} Qxe2+ {[%emt 0:02:45]} 11. Ngxe2 {[%emt 0:00:07]} d5 {[%emt 0:01:26]} 12. Bd6 {[%emt 0:05:15]} a6 {[%emt 0:07:23]} 13. Bd3 {[%emt 0:01:31]} Nb6 {[%emt 0:10:47]} 14. b3 {[%emt 0:02:34]} Be6 {[%emt 0:01:17]} 15. Rc1 {[%emt 0:00:32]} Rc8 {[%emt 0:07:04]} 16. O-O {[%emt 0:06:00]} Rc6 {[%emt 0:18:11]} 17. Bc5 {[%emt 0:01:16]} Nfd7 {[%emt 0:09:24]} 18. b4 {[%emt 0:04:19]} Nxc5 {[%emt 0:00:17]} 19. bxc5 {[%emt 0:00:33]} Nc8 {[%emt 0:00:14]} 20. Rb1 {[%emt 0:03:32]} Rc7 {[%emt 0:01:03]} 21. Rb4 {[%emt 0:01:45]} Ne7 {[%emt 0:01:48]} 22. Rfb1 {[%emt 0:00:14]} Bc8 {[%emt 0:00:36]} 23. Nf4 {[%emt 0:06:26]} O-O {[%emt 0:07:25]} 24. Ncxd5 {[%emt 0:00:44]} Nxd5 {[%emt 0:00:08]} 25. Nxd5 {[%emt 0:00:09]} Rd7 {[%emt 0:00:07]} 26. Be4 {[%emt 0:12:03]} Rfd8 {[%emt 0:00:26]} 27. Re1 {[%emt 0:06:37]} Kf8 {[%emt 0:00:58]} 28. Nb6 {[%emt 0:00:33]} Rxd4 {[%emt 0:00:11]} 29. Rxd4 {[%emt 0:00:06]} Bxd4 {[%emt 0:00:07]} 30. Nxc8 {[%emt 0:00:14]} Rxc8 {[%emt 0:00:09]} 31. Bxb7 {[%emt 0:00:37]} Rxc5 {[%emt 0:04:57]} 32. Kf1 {[%emt 0:00:26]} Rc2 {[%emt 0:01:01]} 33. Re2 {[%emt 0:00:07]} Rc1+ 1/2-1/2

[Event "7th Iberoamerican-ch 2019"]
[Site "Linares"]
[Date "2019.08.18"]
[Round "9.12"]
[White "Sosa, Tomas"]
[Black "Plazuelo Pascual, Juan"]
[Result "0-1"]
[WhiteElo "2508"]
[BlackElo "2411"]
[Annotator "ChessBase"]
[PlyCount "76"]
[EventDate "2019.08.10"]
[EventType "swiss"]
[EventCountry "ESP"]
[SourceTitle "playchess.com"]
[Source "ChessBase"]
[SourceQuality "1"]
[TimeControl "5400+30"]

1. e4 e6 {[%emt 0:00:00]} 2. d4 {[%emt 0:00:21]} d5 {[%emt 0:00:00]} 3. Nd2 {[%emt 0:00:05]} Be7 {[%emt 0:00:00]} 4. e5 {[%emt 0:00:27]} c5 {[%emt 0:00:00]} 5. dxc5 {[%emt 0:00:04]} Nd7 {[%emt 0:03:07]} 6. Ngf3 {[%emt 0:00:21]} Qc7 {[%emt 0:09:01]} 7. Bb5 {[%emt 0:00:34]} Bxc5 {[%emt 0:00:24]} 8. Nb3 {[%emt 0:03:23]} Bb6 {[%emt 0:07:15]} 9. O-O {[%emt 0:11:12]} a6 {[%emt 0:03:05]} 10. Bxd7+ {[%emt 0:02:42]} Bxd7 {[%emt 0:00:14]} 11. Re1 {[%emt 0:00:13]} Rc8 {[%emt 0:03:28]} 12. c3 {[%emt 0:01:59]} Ba4 {[%emt 0:03:16]} 13. Be3 {[%emt 0:02:44]} Bxe3 {[%emt 0:03:20]} 14. Rxe3 {[%emt 0:00:09]} Ne7 {[%emt 0:00:30]} 15. Nfd4 {[%emt 0:01:30]} Bxb3 {[%emt 0:00:32]} 16. axb3 {[%emt 0:01:06]} Nc6 {[%emt 0:05:25]} 17. Qg4 {[%emt 0:12:23]} O-O {[%emt 0:01:56]} 18. Nxc6 {[%emt 0:02:23]} bxc6 {[%emt 0:13:23]} 19. Rxa6 {[%emt 0:03:10]} Ra8 {[%emt 0:05:11]} 20. Ra3 {[%emt 0:10:33]} Rfb8 {[%emt 0:04:19]} 21. Qd1 {[%emt 0:11:28]} c5 {[%emt 0:01:52]} 22. Rxa8 {[%emt 0:12:51]} Rxa8 {[%emt 0:00:04]} 23. h4 {[%emt 0:00:08]} Qb8 {[%emt 0:04:45]} 24. h5 {[%emt 0:00:54]} h6 {[%emt 0:00:54]} 25. f4 {[%emt 0:02:22]} Ra2 {[%emt 0:02:23]} 26. Re2 {[%emt 0:14:45]} Qa7 {[%emt 0:02:54]} 27. Kh2 {[%emt 0:00:01]} Ra1 {[%emt 0:02:32]} 28. Qd3 {[%emt 0:00:01]} Rf1 {[%emt 0:01:59]} 29. Kg3 {[%emt 0:00:48]} Rh1 {[%emt 0:02:18]} 30. c4 {[%emt 0:03:59]} Qe7 {[%emt 0:01:20]} 31. Kf3 {[%emt 0:01:58]} Qh4 {[%emt 0:00:02]} 32. Qd2 {[%emt 0:00:53]} Qxh5+ {[%emt 0:03:56]} 33. Ke3 {[%emt 0:00:00]} d4+ {[%emt 0:00:17]} 34. Ke4 {[%emt 0:00:55]} Rf1 {[%emt 0:01:38]} 35. Rf2 {[%emt 0:00:34]} Rd1 {[%emt 0:00:09]} 36. Qc2 {[%emt 0:00:24]} d3 {[%emt 0:01:21]} 37. Qc3 {[%emt 0:00:09]} Qe2+ {[%emt 0:00:13]} 38. Rxe2 {[%emt 0:00:05]} dxe2 {[%emt 0:00:02] Kd4} 0-1

[Event "7th Iberoamerican-ch 2019"]
[Site "Linares"]
[Date "2019.08.18"]
[Round "9.13"]
[White "Salinas Herrera, Pablo"]
[Black "Cruz Ravina, Francisco Javier"]
[Result "1/2-1/2"]
[WhiteElo "2506"]
[BlackElo "2366"]
[Annotator "ChessBase"]
[PlyCount "190"]
[EventDate "2019.08.10"]
[EventType "swiss"]
[EventCountry "ESP"]
[SourceTitle "playchess.com"]
[Source "ChessBase"]
[SourceQuality "1"]
[TimeControl "5400+30"]

1. Nf3 {[%emt 0:10:33]} Nf6 {[%emt 0:00:21]} 2. d4 {[%emt 0:00:04]} g6 {[%emt 0:00:57]} 3. Nbd2 {[%emt 0:00:07]} Bg7 {[%emt 0:02:29]} 4. e4 {[%emt 0:00:06]} d6 {[%emt 0:00:20]} 5. Bb5+ {[%emt 0:00:04]} c6 {[%emt 0:01:39]} 6. Bd3 {[%emt 0:00:05]} Qc7 {[%emt 0:01:36]} 7. O-O {[%emt 0:00:05]} O-O {[%emt 0:00:54]} 8. c3 {[%emt 0:00:02]} e5 {[%emt 0:03:23]} 9. Re1 {[%emt 0:00:04]} Bg4 {[%emt 0:03:53]} 10. h3 {[%emt 0:00:07]} Bxf3 {[%emt 0:00:52]} 11. Nxf3 {[%emt 0:00:04]} Nbd7 {[%emt 0:00:38]} 12. a3 {[%emt 0:07:50]} Rfe8 {[%emt 0:03:49]} 13. dxe5 {[%emt 0:04:01]} dxe5 {[%emt 0:02:34]} 14. b4 {[%emt 0:00:05]} c5 {[%emt 0:05:57]} 15. Qe2 {[%emt 0:01:12]} Rac8 {[%emt 0:09:14]} 16. Be3 {[%emt 0:10:08]} Red8 {[%emt 0:08:29]} 17. Rec1 {[%emt 0:06:00]} c4 {[%emt 0:06:13]} 18. Bc2 {[%emt 0:00:37]} Nf8 {[%emt 0:02:25]} 19. a4 {[%emt 0:00:28]} b6 {[%emt 0:05:58]} 20. Rd1 {[%emt 0:02:23]} Ne6 {[%emt 0:00:54]} 21. g3 {[%emt 0:08:28]} a6 {[%emt 0:07:04]} 22. Rxd8+ {[%emt 0:01:43]} Nxd8 {[%emt 0:03:47]} 23. a5 {[%emt 0:01:37]} b5 {[%emt 0:00:23]} 24. Rd1 {[%emt 0:00:03]} Nc6 {[%emt 0:03:18]} 25. Bb6 {[%emt 0:00:17]} Qe7 {[%emt 0:00:27]} 26. Qd2 {[%emt 0:00:42]} Bf8 {[%emt 0:01:19]} 27. Nh2 {[%emt 0:09:15]} Qe6 {[%emt 0:03:42]} 28. Kg2 {[%emt 0:00:16]} Re8 {[%emt 0:00:43]} 29. Qe2 {[%emt 0:00:41]} Re7 {[%emt 0:01:59]} 30. Ng4 {[%emt 0:03:27]} Nxg4 {[%emt 0:01:16]} 31. Qxg4 {[%emt 0:00:04]} Qxg4 {[%emt 0:04:43]} 32. hxg4 {[%emt 0:00:08]} g5 {[%emt 0:01:11]} 33. Be3 {[%emt 0:06:44]} h6 {[%emt 0:00:48]} 34. Rd5 {[%emt 0:00:37]} Kg7 {[%emt 0:02:10]} 35. f4 {[%emt 0:00:58]} f6 {[%emt 0:00:39]} 36. Bc5 {[%emt 0:00:29]} Rc7 {[%emt 0:01:03]} 37. Bb6 {[%emt 0:00:19]} Rb7 {[%emt 0:00:38]} 38. Rd1 {[%emt 0:07:28]} Kf7 {[%emt 0:02:04]} 39. Be3 {[%emt 0:00:39]} Ke6 {[%emt 0:00:28]} 40. Kf3 {[%emt 0:01:53]} Rc7 {[%emt 0:03:56]} 41. Ke2 {[%emt 0:00:15]} Rb7 {[%emt 0:00:23]} 42. Rf1 {[%emt 0:00:18]} Rb8 {[%emt 0:01:04]} 43. Bb6 {[%emt 0:00:13]} Bd6 {[%emt 0:01:07]} 44. Rh1 {[%emt 0:01:26]} Rh8 {[%emt 0:01:21]} 45. fxg5 {[%emt 0:01:49]} fxg5 {[%emt 0:00:07]} 46. Be3 {[%emt 0:00:01]} Be7 {[%emt 0:00:08]} 47. Bb1 {[%emt 0:00:02]} Nb8 {[%emt 0:00:21]} 48. Ba2 {[%emt 0:00:15]} Nd7 {[%emt 0:00:06]} 49. Bb1 {[%emt 0:00:54]} Rh7 {[%emt 0:00:41]} 50. Bc2 {[%emt 0:00:19]} Nf6 {[%emt 0:00:15]} 51. Kf3 {[%emt 0:00:10]} Bf8 {[%emt 0:00:24]} 52. Bb6 {[%emt 0:02:31]} Rf7 {[%emt 0:00:27]} 53. Ke2 {[%emt 0:04:19]} Rd7 {[%emt 0:01:02]} 54. Rf1 {[%emt 0:05:09]} Rf7 {[%emt 0:00:20]} 55. Rd1 {[%emt 0:03:04]} Rd7 {[%emt 0:00:11]} 56. Rf1 {[%emt 0:00:29]} Rf7 {[%emt 0:00:05]} 57. Ke1 {[%emt 0:01:12]} Nd7 {[%emt 0:00:41]} 58. Bf2 {[%emt 0:01:18]} Rf3 {[%emt 0:00:21]} 59. Kd2 {[%emt 0:04:30]} Nf6 {[%emt 0:00:38]} 60. Bd1 {[%emt 0:00:18]} Nxe4+ {[%emt 0:01:45]} 61. Ke2 {[%emt 0:00:00]} Rxf2+ {[%emt 0:03:04]} 62. Rxf2 {[%emt 0:00:04]} Nxf2 {[%emt 0:00:05]} 63. Kxf2 {[%emt 0:00:02]} e4 {[%emt 0:00:32]} 64. Bc2 {[%emt 0:00:48]} Bg7 {[%emt 0:00:30]} 65. Bxe4 {[%emt 0:00:03]} Bxc3 {[%emt 0:00:06]} 66. Bb7 {[%emt 0:00:02]} Kd6 {[%emt 0:00:37]} 67. Bxa6 {[%emt 0:00:03]} Kc6 {[%emt 0:00:05]} 68. Bc8 {[%emt 0:00:04]} Bxb4 {[%emt 0:00:05]} 69. a6 {[%emt 0:00:03]} Bc5+ {[%emt 0:00:33]} 70. Ke2 {[%emt 0:00:00]} Bb6 {[%emt 0:01:33]} 71. Kd2 {[%emt 0:01:28]} Kc5 {[%emt 0:00:36]} 72. Be6 {[%emt 0:00:15]} Kb4 {[%emt 0:01:03]} 73. Kc2 {[%emt 0:00:38]} Ka5 {[%emt 0:00:15]} 74. Bc8 {[%emt 0:00:04]} b4 {[%emt 0:00:17]} 75. Be6 {[%emt 0:00:04]} Kb5 {[%emt 0:00:05]} 76. Kd2 {[%emt 0:01:31]} Bd4 {[%emt 0:00:06]} 77. Bf7 {[%emt 0:00:07]} Bb6 {[%emt 0:02:01]} 78. Be6 {[%emt 0:00:05]} Kc5 {[%emt 0:00:26]} 79. Kc2 {[%emt 0:00:23]} Kd4 {[%emt 0:00:10]} 80. Bf7 {[%emt 0:00:05]} b3+ {[%emt 0:00:33]} 81. Kb2 {[%emt 0:00:03]} Kd3 {[%emt 0:00:30]} 82. Bg6+ {[%emt 0:04:33]} Kd2 {[%emt 0:00:24]} 83. Bf5 {[%emt 0:00:18]} Bd4+ {[%emt 0:00:32]} 84. Ka3 {[%emt 0:00:02]} Kc1 {[%emt 0:00:19]} 85. Kb4 {[%emt 0:01:46]} b2 {[%emt 0:00:37]} 86. Kxc4 {[%emt 0:00:03]} Ba7 {[%emt 0:00:44]} 87. Kd5 {[%emt 0:00:04]} b1=Q {[%emt 0:00:56]} 88. Bxb1 {[%emt 0:00:04]} Kxb1 {[%emt 0:00:04]} 89. Ke6 {[%emt 0:00:03]} Kc2 {[%emt 0:00:28]} 90. Kf6 {[%emt 0:00:14]} Kd3 {[%emt 0:00:24]} 91. Kg6 {[%emt 0:00:04]} Ke4 {[%emt 0:00:21]} 92. Kxh6 {[%emt 0:00:02]} Be3 {[%emt 0:00:20]} 93. a7 {[%emt 0:00:32]} Bxa7 {[%emt 0:00:05]} 94. Kxg5 {[%emt 0:00:03]} Kf3 {[%emt 0:00:27]} 95. Kf5 {[%emt 0:00:05]} Bd4 {[%emt 0:00:12] Ke5 Ke4+} 1/2-1/2

[Event "7th Iberoamerican-ch 2019"]
[Site "Linares"]
[Date "2019.08.18"]
[Round "9.14"]
[White "Matnadze, Ana"]
[Black "Matamoros Franco, Carlos S."]
[Result "1/2-1/2"]
[WhiteElo "2363"]
[BlackElo "2498"]
[Annotator "ChessBase"]
[PlyCount "26"]
[EventDate "2019.08.10"]
[EventType "swiss"]
[EventCountry "ESP"]
[SourceTitle "playchess.com"]
[Source "ChessBase"]
[SourceQuality "1"]
[TimeControl "5400+30"]

1. d4 {[%emt 0:00:00]} Nf6 {[%emt 0:00:00]} 2. Nf3 {[%emt 0:00:00]} g6 {[%emt 0:00:34]} 3. g3 {[%emt 0:00:09]} b6 {[%emt 0:00:55]} 4. Bg2 {[%emt 0:00:26]} Bb7 {[%emt 0:00:04]} 5. O-O {[%emt 0:01:04]} Bg7 {[%emt 0:00:29]} 6. c4 {[%emt 0:01:05]} O-O {[%emt 0:00:41]} 7. b3 {[%emt 0:01:29]} c5 {[%emt 0:03:21]} 8. Bb2 {[%emt 0:01:44]} cxd4 {[%emt 0:02:13]} 9. Nxd4 {[%emt 0:03:18]} Bxg2 {[%emt 0:00:27]} 10. Kxg2 {[%emt 0:00:05]} Qc7 {[%emt 0:00:54]} 11. Nc3 {[%emt 0:04:57]} Qb7+ {[%emt 0:01:49]} 12. Nf3 {[%emt 0:04:30]} d6 {[%emt 0:00:54]} 13. Nd5 {[%emt 0:02:44]} Nxd5 {[%emt 0:01:55]} 1/2-1/2

[Event "7th Iberoamerican-ch 2019"]
[Site "Linares"]
[Date "2019.08.18"]
[Round "9.15"]
[White "Espinosa Aranda, Angel"]
[Black "Aizpurua, Patrick"]
[Result "1-0"]
[WhiteElo "2497"]
[BlackElo "2261"]
[Annotator "ChessBase"]
[PlyCount "105"]
[EventDate "2019.08.10"]
[EventType "swiss"]
[EventCountry "ESP"]
[SourceTitle "playchess.com"]
[Source "ChessBase"]
[SourceQuality "1"]
[TimeControl "5400+30"]

1. d4 {[%emt 0:00:00]} Nf6 {[%emt 0:00:00]} 2. Nf3 {[%emt 0:00:00]} e6 {[%emt 0:00:00]} 3. e3 {[%emt 0:00:28]} b6 {[%emt 0:01:05]} 4. Bd3 {[%emt 0:00:26]} Bb7 {[%emt 0:00:08]} 5. O-O {[%emt 0:00:16]} Be7 {[%emt 0:02:42]} 6. c4 {[%emt 0:00:20]} c5 {[%emt 0:02:07]} 7. Nc3 {[%emt 0:02:26]} O-O {[%emt 0:07:28]} 8. d5 {[%emt 0:00:06]} exd5 {[%emt 0:09:55]} 9. cxd5 {[%emt 0:00:06]} d6 {[%emt 0:04:38]} 10. e4 {[%emt 0:00:04]} a6 {[%emt 0:00:44]} 11. a4 {[%emt 0:00:03]} Nbd7 {[%emt 0:00:32]} 12. h3 {[%emt 0:03:45]} Ne8 {[%emt 0:04:19]} 13. Bf4 {[%emt 0:03:02]} Bf6 {[%emt 0:01:24]} 14. Nd2 {[%emt 0:03:03]} Ne5 {[%emt 0:05:51]} 15. Be2 {[%emt 0:00:29]} Rb8 {[%emt 0:11:34]} 16. Bh2 {[%emt 0:01:52]} Nc7 {[%emt 0:03:10]} 17. f4 {[%emt 0:09:35]} Ng6 {[%emt 0:00:08]} 18. Nf3 {[%emt 0:00:06]} Re8 {[%emt 0:02:48]} 19. e5 {[%emt 0:01:54]} dxe5 {[%emt 0:01:57]} 20. d6 {[%emt 0:00:04]} Ne6 {[%emt 0:05:00]} 21. f5 {[%emt 0:06:35]} Nd4 {[%emt 0:01:08]} 22. fxg6 {[%emt 0:00:06]} hxg6 {[%emt 0:00:06]} 23. Bc4 {[%emt 0:00:46]} Qxd6 {[%emt 0:05:16]} 24. Nd2 {[%emt 0:01:25]} b5 {[%emt 0:02:58]} 25. axb5 {[%emt 0:04:07]} axb5 {[%emt 0:00:06]} 26. Nde4 {[%emt 0:00:32]} Bxe4 {[%emt 0:05:30]} 27. Nxe4 {[%emt 0:00:08]} Qc6 {[%emt 0:00:13]} 28. Rxf6 {[%emt 0:21:25]} gxf6 {[%emt 0:00:27]} 29. Bd5 {[%emt 0:00:04]} Qb6 {[%emt 0:00:22]} 30. Qf1 {[%emt 0:01:11]} f5 {[%emt 0:07:08]} 31. Ng5 {[%emt 0:00:13]} Re7 {[%emt 0:00:41]} 32. Qf2 {[%emt 0:01:13]} Kg7 {[%emt 0:02:53]} 33. Nxf7 {[%emt 0:00:35]} f4 {[%emt 0:07:06]} 34. Ng5 {[%emt 0:03:56]} c4 {[%emt 0:00:57]} 35. Kh1 {[%emt 0:00:44]} Nb3 {[%emt 0:00:57]} 36. Ne6+ {[%emt 0:03:30]} Rxe6 {[%emt 0:00:14]} 37. Ra7+ {[%emt 0:00:04]} Kf8 {[%emt 0:05:45]} 38. Qh4 {[%emt 0:00:04]} Qxa7 {[%emt 0:00:17]} 39. Qh8+ {[%emt 0:00:05]} Ke7 {[%emt 0:00:05]} 40. Qg7+ {[%emt 0:00:04]} Kd6 {[%emt 0:00:07]} 41. Qxa7 {[%emt 0:00:03]} Kxd5 {[%emt 0:01:21]} 42. Qxb8 {[%emt 0:00:05]} Nd4 {[%emt 0:00:04]} 43. Bg1 {[%emt 0:00:22]} Rd6 {[%emt 0:01:21]} 44. Qb7+ {[%emt 0:00:07]} Ke6 {[%emt 0:00:32]} 45. Bxd4 {[%emt 0:03:45]} Rxd4 {[%emt 0:00:08]} 46. Qxb5 {[%emt 0:00:05]} Kf6 {[%emt 0:01:01]} 47. Kg1 {[%emt 0:00:38]} g5 {[%emt 0:00:35]} 48. Qb4 {[%emt 0:00:41]} Kf5 {[%emt 0:00:38]} 49. Kf2 {[%emt 0:00:06]} Rd3 {[%emt 0:00:29]} 50. Qxc4 {[%emt 0:00:18]} Rd2+ {[%emt 0:00:05]} 51. Kf3 {[%emt 0:00:05]} g4+ {[%emt 0:00:56]} 52. hxg4+ {[%emt 0:00:04]} Kg5 {[%emt 0:00:03]} 53. Qg8+ {[%emt 0:00:10]} 1-0